000 00482nam a2200181Ia 4500
001 24199
005 20260414151027.0
008 260414t2013||||xx |||||||||||||| ||spa||
041 _aESP
082 _a792.028
_bCH567
100 _aChoque, Jacques
_eAUT
245 0 _aLa expresión corporal :
_b300 ejercicios de expresión corporal, mimo y juego teatral
260 _c2013
300 _a190 páginas :
_c22 cm.
650 _aABD
654 _aCAU
942 _cLIB
_dJUS
_fJUS
_2ddc
_n
999 _c24199
_d24199